000 01145cac a2200265 a 4500
003 Co-PeBPM
005 20250218171200.0
008 231129e2006||||xx adko|||||||||| ||spa||
020 _a9701029364
040 0 _aCo-PeBPM
_bspa
_cCo-PeBPM
_erda
041 _aspa
082 0 4 _a153.94 C678p
_222
100 1 _aCohen Jay, Ronald
_eAutor
245 1 0 _aPruebas Y Evaluación Psicológicas
_b: Introducción A Las Pruebas Y A La Medición
_c/ Ronald Jay Cohen
260 _aEspaña
_b: Editorias McGraw-Hill
_c, 2002
300 _a565 Páginas
_c; 21 Centímetros
500 _aIncluye Índice. Referencias, Glosario.
650 1 4 _2LEMB
_aPruebas De Aptitud
650 1 4 _2LEMB
_aPruebas Psicológicas
650 1 4 _2LEMB
_aPsicometria
700 1 _aSwerdlik E, Mark
_eAutor
700 1 _aIzquierdo Castañeda, María De Los Ángeles / Pontón Becerril, Susana / Padilla Sierra, Gloria Estela / Olivares Bari, Susana Margarita / Pérez De Lara Choy, María Isabel.
_eTraductores
700 1 _aSánchez Pérez, Gabriela / Montenegro Núñez, María Del Carmen / Murguía Díaz Muñoz, Enrique De Guadalupe.
_eRevisión Técnica.
942 _2ddc
_cLIT
999 _c23432
_d23432